[Event "Oslo Open 2016"]
[Site "Fornebu NOR"]
[Date "2016.09.30"]
[Round "1.1"]
[White "Arnaudov, G. Petar"]
[Black "Aarnes, Carl Christian"]
[Result "1-0"]
[WhiteTitle "GM"]
[WhiteElo "2474"]
[BlackElo "1803"]
[WhiteFideId "2907127"]
[BlackFideId "1500660"]
[EventDate "2016.09.30"]

1. Nf3 Nf6 2. c4 e6 3. g3 b6 4. Bg2 Bb7 5. O-O Be7 6. Nc3 O-O 7. Re1 d5 8. cxd5
exd5 9. d4 Re8 10. Ne5 Nbd7 11. Qa4 Nxe5 12. dxe5 Nd7 13. Nxd5 Nc5 14. Qd1 c6
15. Nxe7+ Qxe7 16. Bf4 g5 17. Bd2 Qxe5 18. Bc3 Qe6 19. Qd4 f6 20. Qxf6 Qxf6 21.
Bxf6 h6 22. Rad1 Kf7 23. Bd4 Ne4 24. f3 c5 25. fxe4 cxd4 26. Rxd4 Re7 27. Rf1+
Kg7 28. Rfd1 h5 29. Rd7 Re8 30. Kf2 Bc6 31. Rxe7+ Rxe7 32. Rd6 Be8 33. Rd5 Kg6
34. Ke3 Bf7 35. Rd6+ Be6 36. Kd4 Kf7 37. e5 Bxa2 38. Bd5+ Bxd5 39. Kxd5 Rc7 40.
Rf6+ Ke7 41. Rh6 Rc5+ 42. Ke4 h4 43. Kf5 hxg3 44. hxg3 Rc2 45. Rh7+ Ke8 46. Rxa7
Rxe2 47. b4 Rb2 48. Kxg5 Rxb4 49. Kf6 Rb3 50. Ra8+ Kd7 51. e6+ Kc7 52. e7 Rf3+
53. Kg5 1-0

[Event "Oslo Open 2016"]
[Site "Fornebu NOR"]
[Date "2016.09.30"]
[Round "1.2"]
[White "Aarvik-Hansen, Havard"]
[Black "Berntsen-Oybo, August"]
[Result "0-1"]
[WhiteElo "1376"]
[BlackElo "1936"]
[WhiteFideId "1534378"]
[BlackFideId "1520555"]
[EventDate "2016.09.30"]

1. e4 c5 2. Nf3 Nc6 3. d4 cxd4 4. Nxd4 Nf6 5. Nxc6 bxc6 6. Nc3 e5 7. Bc4 Bb4 8.
Bg5 Qa5 9. Qf3 Be7 10. O-O O-O 11. h3 Bb7 12. Rfd1 Rad8 13. Rd2 Nxe4 14. Nxe4
Bxg5 15. Nxg5 Qxd2 16. Qh5 Qxc2 17. Bb3 Qg6 18. Qh4 d5 19. Rc1 Qh6 20. Qg3 f6 0-1

[Event "Oslo Open 2016"]
[Site "Fornebu NOR"]
[Date "2016.09.30"]
[Round "1.4"]
[White "Abdumalik, Zhansaya"]
[Black "Shehzad, Shazil"]
[Result "1-0"]
[WhiteTitle "WGM"]
[WhiteElo "2389"]
[BlackElo "1738"]
[WhiteFideId "13703544"]
[BlackFideId "1521942"]
[EventDate "2016.09.30"]

1. e4 c5 2. Nf3 e6 3. d4 cxd4 4. Nxd4 a6 5. Bd3 Qc7 6. O-O Nf6 7. Nc3 Be7 8. f4
Bc5 9. Be3 Nc6 10. Be2 O-O 11. e5 Ne8 12. Kh1 d6 13. exd6 Nxd6 14. Nxe6 Bxe6 15.
Bxc5 Rfd8 16. Qe1 b6 17. Bxd6 Rxd6 18. f5 Bc8 19. Qg3 Rd7 20. Qxc7 Rxc7 21. Nd5
Rb7 22. Rad1 h6 23. Bf3 Ne5 24. Nxb6 Rxb6 25. Bxa8 Bd7 26. Rfe1 Rb5 27. a4 Rxb2
28. Rxe5 Bxa4 29. h3 Rxc2 30. Rd8+ Kh7 31. f6 Rc1+ 32. Kh2 gxf6 33. Re7 Bb3 34.
Be4+ Kg7 35. Bf5 h5 36. Re3 Bd1 37. Rg3+ Bg4 38. hxg4 h4 39. Rh3 Kh6 40. Rg8 Rc8
41. Rxh4# 1-0

[Event "Oslo Open 2016"]
[Site "Fornebu NOR"]
[Date "2016.09.30"]
[Round "1.5"]
[White "Sajjadi, Kimiya"]
[Black "Krupenski, Juri"]
[Result "0-1"]
[BlackTitle "FM"]
[WhiteElo "1877"]
[BlackElo "2423"]
[WhiteFideId "1516434"]
[BlackFideId "4501101"]
[EventDate "2016.09.30"]

1. d4 Nf6 2. c4 e6 3. Nc3 Bb4 4. Qc2 c5 5. dxc5 O-O 6. Nf3 Na6 7. g3 Nxc5 8. Bd2
b6 9. Bg2 Bb7 10. O-O Nce4 11. Nxe4 Bxe4 12. Qd1 Be7 13. Bc3 Rc8 14. Qd4 Qc7 15.
Qe3 Bxf3 16. Qxf3 Qxc4 17. e4 d5 18. exd5 Nxd5 19. Be5 Bf6 20. Rfe1 Rfd8 21. Bf1
Qb4 22. Bd3 Bxe5 23. Rxe5 Qxb2 24. Rae1 Nf6 25. h4 Rc3 26. R1e3 Rcxd3 0-1

[Event "Oslo Open 2016"]
[Site "Fornebu NOR"]
[Date "2016.09.30"]
[Round "1.7"]
[White "Gronn, Eskil Ekeland"]
[Black "Amarapala, Sheroni"]
[Result "1-0"]
[WhiteElo "1958"]
[BlackElo "1434"]
[WhiteFideId "1507010"]
[BlackFideId "1518585"]
[EventDate "2016.09.30"]

1. d4 d5 2. Nf3 Nf6 3. Bf4 Bf5 4. e3 c6 5. Bd3 Bxd3 6. Qxd3 e6 7. O-O Be7 8.
Nbd2 O-O 9. Bg3 h6 10. Ne5 c5 11. Bh4 cxd4 12. exd4 Nc6 13. Ndf3 Rc8 14. c3 Ne4
15. Bxe7 Qxe7 16. Nxc6 Rxc6 17. Ne5 Rc7 18. Rae1 Nf6 19. Re3 Rfc8 20. Rfe1 a6
21. Rh3 Ne4 22. f3 Ng5 23. Rg3 Qf6 24. Qe3 b5 25. Ng4 Qg6 26. h4 h5 27. Ne5
Nxf3+ 28. Qxf3 Qh6 29. Rf1 Rf8 30. Rg5 f6 31. Rxh5 Qd2 32. Ng6 Rfc8 33. Rh8+ Kf7
34. Qh5 Qe3+ 35. Kh1 Qe4 36. Ne5+ Ke7 37. Rxc8 Rxc8 38. Qf7+ Kd6 39. Qd7# 1-0

[Event "Oslo Open 2016"]
[Site "Fornebu NOR"]
[Date "2016.09.30"]
[Round "1.8"]
[White "Andersen, Guttorm"]
[Black "Moiseenko, Alexander"]
[Result "0-1"]
[BlackTitle "GM"]
[WhiteElo "1836"]
[BlackElo "2648"]
[WhiteFideId "1505718"]
[BlackFideId "14102560"]
[EventDate "2016.09.30"]

1. d4 Nf6 2. c4 e6 3. Nc3 Bb4 4. e3 b6 5. Bd3 Bb7 6. Ne2 Bxg2 7. Rg1 Bf3 8. Rxg7
Nh5 9. Rg1 Bxc3+ 10. bxc3 Qh4 11. Kd2 Qxh2 12. Qf1 Nc6 13. Ba3 O-O-O 14. c5 Rdg8
15. Ba6+ Kb8 16. cxb6 axb6 17. Bd3 Nf6 18. Rg3 Ne4+ 19. Bxe4 Bxe4 20. Qg1 Qxg1
21. Raxg1 Rxg3 22. Rxg3 Kb7 23. Kc1 h5 24. c4 h4 25. Rh3 Bf5 26. Rh2 Bd3 27. f3
Bxc4 28. Nf4 d6 29. Bb2 e5 30. d5 Nb4 31. e4 Rg8 32. a3 Na2+ 33. Kb1 exf4 34.
Bd4 Rg3 35. Bf2 Rxf3 36. Bxh4 Nc3+ 0-1

[Event "Oslo Open 2016"]
[Site "Fornebu NOR"]
[Date "2016.09.30"]
[Round "1.9"]
[White "Djurhuus, Rune"]
[Black "Aure, Anders Nilsson"]
[Result "1-0"]
[WhiteTitle "GM"]
[WhiteElo "2413"]
[BlackElo "1757"]
[WhiteFideId "1500082"]
[BlackFideId "1514059"]
[EventDate "2016.09.30"]

1. d4 Nf6 2. Nf3 g6 3. c4 Bg7 4. Nc3 d5 5. Qb3 dxc4 6. Qxc4 O-O 7. e4 a6 8. Bf4
c6 9. Be2 b5 10. Qd3 Bb7 11. O-O Nbd7 12. e5 Nd5 13. Nxd5 cxd5 14. Rfc1 Qb6 15.
Qa3 b4 16. Qa4 Rfd8 17. Bd2 a5 18. a3 bxa3 19. Rxa3 Qe6 20. Ng5 Qf5 21. g4 1-0

[Event "Oslo Open 2016"]
[Site "Fornebu NOR"]
[Date "2016.09.30"]
[Round "1.10"]
[White "Bergh, Nicholas"]
[Black "Rishovd, Svein"]
[Result "0-1"]
[WhiteElo "1534"]
[BlackElo "2101"]
[WhiteFideId "1533967"]
[BlackFideId "1513060"]
[EventDate "2016.09.30"]

1. e4 e6 2. d4 d5 3. exd5 exd5 4. Bd3 c5 5. c3 Nc6 6. Ne2 Nf6 7. O-O c4 8. Bc2
Bd6 9. Bf4 O-O 10. Nd2 Bg4 11. f3 Bh5 12. Re1 Bg6 13. b3 cxb3 14. Nxb3 b6 15.
Bxg6 hxg6 16. Qd3 Ne7 17. Nd2 Rc8 18. Rac1 Re8 19. Bxd6 Qxd6 20. Ng3 Qa3 21. Rc2
Nc6 22. Rxe8+ Rxe8 23. Qb5 Re1+ 24. Kf2 Nxd4 25. Qb2 Qe7 26. Ndf1 Nxc2 27. Qxc2
Ra1 28. Qd2 Qa3 29. Qf4 Rxa2+ 30. Ne2 Qxc3 31. Qb8+ Kh7 32. Ne3 d4 33. Nd1 Qd2 0-1

[Event "Oslo Open 2016"]
[Site "Fornebu NOR"]
[Date "2016.09.30"]
[Round "1.11"]
[White "Holleland, Sigve"]
[Black "Bernstein, Jonas August"]
[Result "1-0"]
[WhiteElo "2052"]
[BlackElo "1486"]
[WhiteFideId "1513672"]
[BlackFideId "1532154"]
[EventDate "2016.09.30"]

1. Nf3 Nf6 2. g3 d5 3. Bg2 e6 4. O-O Be7 5. d4 O-O 6. c4 c6 7. Nc3 Nbd7 8. Nd2
Qc7 9. e4 dxe4 10. Ndxe4 Nxe4 11. Nxe4 Nf6 12. Qc2 e5 13. dxe5 Qxe5 14. Bf4 Qa5
15. a3 Be6 16. Ng5 Bf5 17. Qe2 Rfe8 18. b4 Qa6 19. Qa2 Bg6 20. Rfe1 Bf8 21. c5
h6 22. Nf3 Be4 23. Rxe4 Rxe4 24. Ne5 Rxe5 25. Bxe5 Be7 26. Bf1 b5 27. a4 Qb7 28.
axb5 cxb5 29. Bg2 1-0

[Event "Oslo Open 2016"]
[Site "Fornebu NOR"]
[Date "2016.09.30"]
[Round "1.12"]
[White "Bracker, Frank"]
[Black "Vestjord, Harald Christian"]
[Result "1-0"]
[WhiteTitle "IM"]
[WhiteElo "2427"]
[BlackElo "1765"]
[WhiteFideId "24614343"]
[BlackFideId "1521187"]
[EventDate "2016.09.30"]

1. e4 e5 2. Nf3 Nc6 3. Bb5 a6 4. Ba4 b5 5. Bb3 Bc5 6. O-O Nf6 7. c3 d6 8. a4 Bb7
9. d3 h6 10. Nbd2 O-O 11. Re1 Bb6 12. Nf1 Na5 13. Bc2 c5 14. Ng3 Nc6 15. axb5
axb5 16. Rxa8 Bxa8 17. Nh4 Ne7 18. Nhf5 Nxf5 19. Nxf5 Qd7 20. Qf3 Qe6 21. Bxh6
Ne8 22. Qg3 1-0

[Event "Oslo Open 2016"]
[Site "Fornebu NOR"]
[Date "2016.09.30"]
[Round "1.16"]
[White "Svanholm, Borge Waaktaar"]
[Black "Chatalbashev, Boris"]
[Result "0-1"]
[BlackTitle "GM"]
[WhiteElo "1809"]
[BlackElo "2542"]
[WhiteFideId "1504835"]
[BlackFideId "2900440"]
[EventDate "2016.09.30"]

1. c4 b6 2. Nc3 Bb7 3. d4 e6 4. Nf3 Bb4 5. g3 f5 6. Bg2 Nf6 7. O-O O-O 8. Qc2
Ne4 9. Nxe4 Bxe4 10. Qb3 Be7 11. Bf4 Nc6 12. Rfd1 Bf6 13. d5 Na5 14. Qb4 Bxf3
15. Bxf3 e5 16. Bd2 e4 17. Bg2 Nb7 18. Bc3 Nc5 19. Bxf6 Qxf6 20. Qd2 a5 21. Qd4
Qh6 22. Rac1 Rae8 23. Rc3 f4 24. a3 a4 25. Qd2 e3 26. fxe3 fxe3 27. Qd4 Rf2 28.
Rc2 Qg6 29. Rdc1 Nb3 30. Qd1 Ref8 31. Bf3 Qh6 32. h4 Qd6 0-1

[Event "Oslo Open 2016"]
[Site "Fornebu NOR"]
[Date "2016.09.30"]
[Round "1.18"]
[White "Garmark, Vegard"]
[Black "Haugsrud, Hakon"]
[Result "0-1"]
[WhiteElo "1456"]
[BlackElo "1969"]
[WhiteFideId "1517945"]
[BlackFideId "1503588"]
[EventDate "2016.09.30"]

1. e4 c5 2. Nf3 e6 3. Nc3 a6 4. a4 Nc6 5. d4 cxd4 6. Nxd4 Bb4 7. Nxc6 bxc6 8.
Qd4 Bf8 9. Bd3 Nf6 10. e5 Nd5 11. Ne4 f6 12. Nd6+ Bxd6 13. exd6 a5 14. c4 Nb4
15. Ra3 Ba6 16. Rc3 Qb8 17. O-O e5 18. Re1 O-O 19. Qh4 Nxd3 20. Rxd3 Qb4 21. Re4
Qxa4 22. f4 Qc2 0-1

[Event "Oslo Open 2016"]
[Site "Fornebu NOR"]
[Date "2016.09.30"]
[Round "1.19"]
[White "Jacobsen, Elise Sjottem"]
[Black "Derakhshani, Dorsa"]
[Result "0-1"]
[BlackTitle "WIM"]
[WhiteElo "1745"]
[BlackElo "2405"]
[WhiteFideId "1516493"]
[BlackFideId "12500330"]
[EventDate "2016.09.30"]

1. e4 e5 2. Nf3 Nc6 3. d4 exd4 4. Bc4 Bc5 5. c3 Nf6 6. e5 d5 7. Bb5 Ne4 8. Nxd4
O-O 9. Bxc6 bxc6 10. Be3 Ba6 11. Qg4 Qe8 12. f3 Nf6 13. Qf4 Nh5 14. Qf5 g6 15.
Qg5 f6 16. exf6 Rxf6 17. Kf2 Rb8 18. b3 Be7 19. Qe5 Qf7 20. Bg5 c5 21. Nc6 Rxc6
22. Qxe7 Qxe7 23. Bxe7 Re6 24. Re1 Rxe1 25. Kxe1 Re8 0-1

[Event "Oslo Open 2016"]
[Site "Fornebu NOR"]
[Date "2016.09.30"]
[Round "1.20"]
[White "Devereaux, Maxim L"]
[Black "Vitenberg, Noam Aviv"]
[Result "1-0"]
[WhiteTitle "IM"]
[WhiteElo "2374"]
[BlackElo "1712"]
[WhiteFideId "408280"]
[BlackFideId "1532138"]
[EventDate "2016.09.30"]

1. e4 c5 2. Nf3 e6 3. b3 d5 4. exd5 exd5 5. d4 cxd4 6. Bb5+ Nc6 7. O-O a6 8.
Re1+ Be7 9. Bxc6+ bxc6 10. Ba3 Be6 11. Nxd4 Bxa3 12. Nxa3 Qd6 13. Qg4 Ne7 14.
Nxe6 fxe6 15. Rxe6 Qxa3 16. Rae1 Rg8 17. b4 Ra7 18. Qh4 1-0

[Event "Oslo Open 2016"]
[Site "Fornebu NOR"]
[Date "2016.09.30"]
[Round "1.22"]
[White "Warstad, Leif E"]
[Black "Dolzhykova, Kateryna"]
[Result "0-1"]
[BlackTitle "WIM"]
[WhiteElo "1630"]
[BlackElo "2267"]
[WhiteFideId "1516060"]
[BlackFideId "14113414"]
[EventDate "2016.09.30"]

1. d4 Nf6 2. Nf3 g6 3. Bf4 Bg7 4. e3 O-O 5. Nbd2 d6 6. h3 Nbd7 7. Be2 c5 8. c3
cxd4 9. exd4 e5 10. dxe5 dxe5 11. Nxe5 Nd5 12. Nxd7 Bxd7 13. Bg3 Bxc3 14. O-O
Bxb2 15. Qb3 Bxa1 16. Rxa1 Be6 17. Bc4 b5 18. Bf1 Nb6 19. Qe3 Nc4 20. Nxc4 Bxc4
21. Bxc4 bxc4 22. Rc1 Qd3 23. Qf4 Rae8 24. Qf6 Re6 25. Qa1 Rfe8 26. Kh2 Re2 27.
Rd1 Qa3 28. Qf6 Qe7 29. Qa1 Rc8 30. a4 c3 0-1

[Event "Oslo Open 2016"]
[Site "Fornebu NOR"]
[Date "2016.09.30"]
[Round "1.25"]
[White "Fossheim, Yngve"]
[Black "Tari, Aryan"]
[Result "0-1"]
[BlackTitle "GM"]
[WhiteElo "1827"]
[BlackElo "2570"]
[WhiteFideId "1512277"]
[BlackFideId "1510045"]
[EventDate "2016.09.30"]

1. e4 c6 2. d4 d5 3. e5 Bf5 4. Bd3 Bxd3 5. Qxd3 e6 6. Nf3 Ne7 7. Bg5 h6 8. Be3
Nf5 9. Nbd2 Nd7 10. O-O Be7 11. Nb3 O-O 12. c3 a5 13. a4 Qb6 14. Nbd2 c5 15. b3
Rfc8 16. Rfc1 Qa6 17. Qxa6 Rxa6 18. g4 Nxe3 19. fxe3 Rac6 20. c4 cxd4 21. exd4
Nb6 22. Rcb1 Bb4 23. c5 Nd7 24. Ra2 b6 25. cxb6 Nxb6 26. Kf2 Nd7 27. Ne1 f6 28.
Nd3 fxe5 29. dxe5 Rc3 30. Ke2 Rxd3 31. Kxd3 Nxe5+ 32. Ke2 Nxg4 33. h3 Nf6 34.
Rf1 e5 35. Rf5 e4 36. h4 Rc3 37. Re5 d4 38. Nc4 Rh3 39. Rb2 Bc3 40. Rb1 d3+ 0-1

[Event "Oslo Open 2016"]
[Site "Fornebu NOR"]
[Date "2016.09.30"]
[Round "1.26"]
[White "Nordquelle, Daniel"]
[Black "Gabrielsen, Rasmus Arvola"]
[Result "1-0"]
[WhiteElo "2013"]
[BlackElo "1476"]
[WhiteFideId "1519042"]
[BlackFideId "1531190"]
[EventDate "2016.09.30"]

1. e4 e5 2. Nf3 Nf6 3. Nxe5 d6 4. Nf3 Nxe4 5. d4 d5 6. Bd3 Nc6 7. O-O Be7 8. Nc3
Nf6 9. h3 O-O 10. Bf4 h6 11. Qd2 Re8 12. Nb5 Ne4 13. Bxe4 dxe4 14. Ne5 Nxe5 15.
Bxe5 Bd6 16. Bxd6 cxd6 17. Qf4 Re6 18. c4 Qb6 19. a4 g5 20. Qg3 Rf6 21. c5 Qc6
22. Nxd6 a6 23. Rfe1 Re6 24. Nc4 Re8 25. Nb6 1-0

[Event "Oslo Open 2016"]
[Site "Fornebu NOR"]
[Date "2016.09.30"]
[Round "1.29"]
[White "Lund, Terje"]
[Black "Gaure, Sigurd Lauvas"]
[Result "1-0"]
[WhiteElo "2103"]
[BlackElo "1553"]
[WhiteFideId "1504754"]
[BlackFideId "1524933"]
[EventDate "2016.09.30"]

1. Nf3 d5 2. c4 dxc4 3. g3 Nf6 4. Bg2 Nc6 5. O-O g6 6. Qa4 Bd7 7. Qxc4 Bg7 8. d4
Be6 9. Qb5 O-O 10. Rd1 Bd5 11. Nc3 Bxf3 12. Bxf3 Nxd4 13. Qxb7 Nxf3+ 14. Qxf3
Qb8 15. b3 Rd8 16. Bf4 e6 17. Rxd8+ Qxd8 18. Bxc7 Qe8 19. Rd1 Rc8 20. Qb7 Nd7
21. Ne4 1-0

[Event "Oslo Open 2016"]
[Site "Fornebu NOR"]
[Date "2016.09.30"]
[Round "1.30"]
[White "Getz, Nicolai"]
[Black "Nass, Sara"]
[Result "1-0"]
[WhiteTitle "IM"]
[WhiteElo "2445"]
[BlackElo "1784"]
[WhiteFideId "1505572"]
[BlackFideId "1516191"]
[EventDate "2016.09.30"]

1. e4 c5 2. Nf3 Nc6 3. Nc3 e6 4. d4 cxd4 5. Nxd4 Bb4 6. Nb5 d6 7. a3 Bxc3+ 8.
bxc3 Nf6 9. Nxd6+ Ke7 10. a4 Ne8 11. Nxc8+ Rxc8 12. Ba3+ Nd6 13. Qd2 Rc7 14. Rd1
Rd7 15. Qg5+ Kf8 16. Qxd8+ 1-0

[Event "Oslo Open 2016"]
[Site "Fornebu NOR"]
[Date "2016.09.30"]
[Round "1.32"]
[White "Greibrokk, Maria"]
[Black "Vestby-Ellingsen, Mads"]
[Result "0-1"]
[WhiteElo "1532"]
[BlackElo "2084"]
[WhiteFideId "1518720"]
[BlackFideId "1520857"]
[EventDate "2016.09.30"]

1. e4 e5 2. Nf3 Nc6 3. Bc4 Nf6 4. d3 Bc5 5. c3 d6 6. h3 a6 7. b4 Ba7 8. Nbd2 O-O
9. O-O Ne7 10. Bb2 Ng6 11. Re1 Nf4 12. d4 exd4 13. cxd4 d5 14. exd5 N6xd5 15.
Qb3 Be6 16. Ne4 b5 17. Bxd5 Bxd5 18. Qe3 Ne6 19. Nc5 Qd6 20. Nh4 g6 21. Qe5 Rfd8
22. Rac1 Qxe5 23. dxe5 Bxc5 24. bxc5 Bxa2 25. Nf3 Bc4 26. c6 Nf4 27. Rcd1 Nd3
28. Re2 Nxb2 29. Rxd8+ Rxd8 0-1

[Event "Oslo Open 2016"]
[Site "Fornebu NOR"]
[Date "2016.09.30"]
[Round "1.37"]
[White "Haug, Johannes"]
[Black "Tenold, Andreas"]
[Result "1-0"]
[WhiteTitle "FM"]
[WhiteElo "2279"]
[BlackElo "1671"]
[WhiteFideId "1509268"]
[BlackFideId "1525840"]
[EventDate "2016.09.30"]

1. e4 e6 2. d4 d5 3. Nd2 c5 4. Ngf3 Nc6 5. c3 Qb6 6. e5 Bd7 7. a3 O-O-O 8. b4
cxd4 9. cxd4 Nxd4 10. Bb2 Nxf3+ 11. Nxf3 Kb8 12. Bd4 Qc6 13. Bd3 Qa4 14. Bc2 Qb5
15. Bd3 Qa4 16. Qe2 Ne7 17. O-O Nc6 18. Be3 a6 19. Rfb1 Na7 20. Qb2 Rc8 21. Nd4
b5 22. Rc1 Be7 23. Nb3 1-0

[Event "Oslo Open 2016"]
[Site "Fornebu NOR"]
[Date "2016.09.30"]
[Round "1.41"]
[White "Hobber, Anders"]
[Black "Wuhrmann, Daniel"]
[Result "1-0"]
[WhiteTitle "FM"]
[WhiteElo "2331"]
[BlackElo "1709"]
[WhiteFideId "1505424"]
[BlackFideId "628441"]
[EventDate "2016.09.30"]

1. d4 Nf6 2. Nf3 b6 3. Bg5 Bb7 4. Nbd2 e6 5. e3 c5 6. Bd3 Be7 7. O-O O-O 8. c3
cxd4 9. exd4 Nd5 10. Bxe7 Qxe7 11. Re1 Nf4 12. Bf1 f5 13. g3 Ng6 14. Bg2 Bc6 15.
c4 Qf6 16. Qb3 Na6 17. Rad1 Rac8 18. Qa3 Bb7 19. Ne5 Bxg2 20. Nxd7 Qxd4 21. Nxf8
Bb7 22. Nxg6 hxg6 23. Ne4 Qxc4 24. Nd6 Qc6 25. Nxb7 Qxb7 26. Qd6 Nc5 27. b4 Ne4
28. Qxe6+ Kh7 29. Rd7 Qa8 30. Qe7 Rg8 31. Qh4# 1-0

[Event "Oslo Open 2016"]
[Site "Fornebu NOR"]
[Date "2016.09.30"]
[Round "1.42"]
[White "Sateren, Erlend"]
[Black "Wetle Hoem, Tor"]
[Result "0-1"]
[WhiteElo "1461"]
[BlackElo "1988"]
[WhiteFideId "1524283"]
[BlackFideId "1505335"]
[EventDate "2016.09.30"]

1. e4 c5 2. Nf3 d6 3. d4 cxd4 4. Nxd4 Nf6 5. Nc3 g6 6. Be3 Bg7 7. Qd2 Nc6 8. f3
O-O 9. Bc4 Bd7 10. Bh6 Bxh6 11. Nxc6 Bxd2+ 12. Kxd2 bxc6 13. h4 Qb6 14. Ke2 Qxb2
15. Kd3 0-1

[Event "Oslo Open 2016"]
[Site "Fornebu NOR"]
[Date "2016.09.30"]
[Round "1.45"]
[White "Johansen, Kai -Roger"]
[Black "Sather, Jorgen Vamnes"]
[Result "1-0"]
[WhiteElo "1925"]
[BlackElo "1203"]
[WhiteFideId "1502670"]
[BlackFideId "1530500"]
[EventDate "2016.09.30"]

1. c4 d6 2. Nc3 e5 3. g3 Nc6 4. Bg2 Nge7 5. Nf3 Be6 6. b3 Qd7 7. Ng5 h6 8. Nxe6
Qxe6 9. Bb2 O-O-O 10. Nd5 g5 11. b4 a6 12. b5 axb5 13. cxb5 Nxd5 14. bxc6 bxc6
15. d4 e4 16. Qa4 Kd7 17. Rc1 Ne7 18. d5 Qxd5 19. Bxe4 Qb5 20. Qxb5 cxb5 21.
Bxh8 f5 22. Bd3 c6 23. Bf6 f4 24. h4 Ke6 25. hxg5 hxg5 26. Bxg5 fxg3 27. fxg3
Kd7 28. Rh7 Re8 29. Bf5+ Kc7 30. Bg6 Kd8 31. Rxc6 Kd7 32. Bxe8+ Kxe8 33. Rxd6
Nc8 34. Rd8# 1-0

[Event "Oslo Open 2016"]
[Site "Fornebu NOR"]
[Date "2016.09.30"]
[Round "1.50"]
[White "Kovalenko, Igor"]
[Black "Lindbol, Aleksander"]
[Result "1-0"]
[WhiteTitle "GM"]
[WhiteElo "2651"]
[BlackElo "1855"]
[WhiteFideId "14117908"]
[BlackFideId "1520644"]
[EventDate "2016.09.30"]

1. e4 c6 2. d4 d5 3. e5 Bf5 4. h4 h5 5. c4 e6 6. Nc3 Nd7 7. cxd5 cxd5 8. Bd3
Bxd3 9. Qxd3 Ne7 10. Nf3 Nc6 11. Bg5 Qa5 12. O-O Be7 13. a3 O-O 14. b4 Qd8 15.
b5 Na5 16. Ne2 Nc4 17. Nf4 a6 18. a4 Re8 19. Nxh5 Nf8 20. Nf4 Nh7 21. Bxe7 Qxe7
22. g3 Qd7 23. Qb3 Rec8 24. Kg2 Nf8 25. Rh1 axb5 26. axb5 Ra5 27. Rxa5 Nxa5 28.
Qb4 b6 29. h5 Rc4 30. Qb1 Qe7 31. h6 g6 32. h7+ Kh8 33. Qg1 Nb3 34. Qh2 Nxd4 35.
Nxd4 Rxd4 36. Qh6 Ra4 37. Qg7+ Kxg7 38. h8=Q# 1-0

[Event "Oslo Open 2016"]
[Site "Fornebu NOR"]
[Date "2016.09.30"]
[Round "1.52"]
[White "Langvik, Ulrikke"]
[Black "Tryggestad, Andreas Garberg"]
[Result "0-1"]
[WhiteElo "1620"]
[BlackElo "2224"]
[WhiteFideId "1517910"]
[BlackFideId "1513338"]
[EventDate "2016.09.30"]

1. d4 Nf6 2. c4 g6 3. Nc3 d5 4. Nf3 Bg7 5. Bf4 O-O 6. e3 dxc4 7. Bxc4 c5 8. O-O
cxd4 9. Nxd4 a6 10. Qb3 Qe8 11. Bxb8 Rxb8 12. Bxa6 e5 13. Nf3 e4 14. Nd4 Qe5 15.
Be2 Ng4 16. Bxg4 Bxg4 17. Rac1 Kh8 18. Rc2 Qe7 19. Nxe4 Bxd4 20. f3 Be6 21. Qd3
Bg7 22. Rfc1 Bf5 23. b3 Rbd8 24. Qc4 Bxe4 25. fxe4 Rde8 26. Rf2 Qxe4 27. Qxe4
Rxe4 28. Rc7 Rxe3 29. Rxb7 Re1+ 30. Rf1 Bd4+ 31. Kh1 Rxf1# 0-1

[Event "Oslo Open 2016"]
[Site "Fornebu NOR"]
[Date "2016.09.30"]
[Round "1.54"]
[White "Larsen, Ulrik"]
[Black "Wright, Haakon"]
[Result "0-1"]
[WhiteElo "1985"]
[BlackElo "1457"]
[WhiteFideId "1441167"]
[BlackFideId "1525034"]
[EventDate "2016.09.30"]

1. e4 c5 2. Nf3 Nc6 3. d4 cxd4 4. c3 dxc3 5. Nxc3 e6 6. Bc4 Bb4 7. O-O Nge7 8.
Bg5 O-O 9. Rc1 a6 10. Qe2 Bxc3 11. Rxc3 d5 12. Rd1 f6 13. exd5 Nxd5 14. Bxd5
exd5 15. Bf4 Bf5 16. Nh4 Qd7 17. Rg3 Rfe8 18. Qd2 d4 19. Bh6 Re7 20. Qf4 Bc2 21.
Rf1 Rf8 22. Qd2 d3 23. Be3 Re4 24. Nf3 Ne5 25. Rc1 Nc4 26. Qc3 Nxe3 27. fxe3
Rxe3 28. Rxc2 dxc2 0-1

[Event "Oslo Open 2016"]
[Site "Fornebu NOR"]
[Date "2016.09.30"]
[Round "1.56"]
[White "Lystad, Maximilian L"]
[Black "Rebers, Eugene"]
[Result "0-1"]
[BlackTitle "FM"]
[WhiteElo "1572"]
[BlackElo "2156"]
[WhiteFideId "1522361"]
[BlackFideId "1007556"]
[EventDate "2016.09.30"]

1. e4 c5 2. Nf3 g6 3. d4 cxd4 4. Nxd4 Nc6 5. c3 Bg7 6. Be3 Nf6 7. Qc2 O-O 8. Nd2
d5 9. Bb5 Bd7 10. Nxc6 bxc6 11. Bd3 dxe4 12. Nxe4 Nd5 13. Bc5 f5 14. Ng5 Qa5 15.
Ba3 Bxc3+ 16. bxc3 Qxa3 17. Bc4 Qc5 18. Qe2 e6 19. Nxe6 Qa3 20. Qe5 Qe7 21. O-O
Qxe6 22. Qd4 Rfe8 23. Rad1 Qe5 24. Qc5 Rac8 25. Bb3 Qe7 26. Qd4 Qg7 27. Qd3 Be6
28. Rfe1 Bf7 29. Rxe8+ Rxe8 30. c4 Nc3 31. Rf1 Qd4 32. Qf3 Ne2+ 33. Kh1 Qe4 34.
Qh3 Nf4 35. Qg3 Qe1 0-1

[Event "Oslo Open 2016"]
[Site "Fornebu NOR"]
[Date "2016.09.30"]
[Round "1.57"]
[White "Wanvik, Tim"]
[Black "Machlik, Edit"]
[Result "0-1"]
[WhiteElo "1520"]
[BlackElo "2056"]
[WhiteFideId "1521683"]
[BlackFideId "1513591"]
[EventDate "2016.09.30"]

1. e4 c6 2. d4 d5 3. exd5 cxd5 4. Nf3 Nc6 5. Bf4 Nf6 6. Nbd2 Bg4 7. Bb5 Qb6 8.
Bxc6+ bxc6 9. Rb1 e6 10. O-O c5 11. Nb3 Bxf3 12. Qxf3 c4 13. Nd2 Qxd4 14. Be3
Qg4 15. Qxg4 Nxg4 16. Bf4 Bc5 17. b3 cxb3 18. cxb3 O-O 19. Rbc1 Rfc8 20. Bg3 Ba3
21. Rxc8+ Rxc8 22. f3 Ne3 23. Re1 Nf5 24. Bf2 Bb4 25. g4 Bxd2 26. Re2 Rc1+ 27.
Kg2 Ne3+ 28. Kh3 Nf1 29. Kg2 a6 0-1